Statistiken für Länder Afrika's in Alphabetischer Reihenfolge

Klicken Sie hier um das Quiz zu spielen!

Allgemein

  • Dieses Quiz wurde 117 mal gespielt
  • Das Durchschnittsergebnis liegt bei 20 aus 54

Antworten auf der Karte

Die Antworten werden auf der Karte rot bzw. grün angezeigt, abhängig davon wie oft sie richtig erraten wurden.
 

Antwortstatistiken

Antwort% Korrekt
Ägypten
95%
Algerien
84%
Angola
82%
Äthiopien
71%
Benin
71%
Äquatorial-Guinea
68%
Botswana
66%
Burundi
66%
Burkina faso
63%
Dschibuti
56%
Eritrea
53%
Gabun
52%
Gambia
52%
Guinea
50%
Elfenbeinküste
48%
Guinea-Bissau
48%
Kenia
47%
Demokratische Republik Kongo
45%
Eswatini
45%
Ghana
45%
Komoren
44%
Kamerun
42%
Kap Verde
40%
Lesotho
40%
Liberia
39%
Libyen
35%
Zentralafrikanische Republik
34%
Madagaskar
31%
Malawi
31%
Mali
31%
Uganda
26%
Mauretanien
24%
Mosambik
24%
Namibia
24%
Niger
23%
Nigeria
23%
Tansania
19%
Kongo
18%
Mauritius
18%
Simbabwe
18%
Sudan
18%
Südsudan
18%
Togo
18%
Tunesien
18%
Sambia
16%
Ruanda
13%
Somalia
13%
Südafrika
13%
Tschad
13%
Maroko
10%
Senegal
10%
Seychellen
8%
Sierra Leone
8%
São Tomé und
Príncipe
5%

Verteilung der Resultate

Perzentil nach korrekt beantworteten Fragen

Anzahl Personen mit jedem Resultat

Ihre Resultats-Entwicklung

Sie haben dieses Quiz noch nicht gespielt